| 000 | 00461nam a2200157Ia 4500 | ||
|---|---|---|---|
| 999 |
_c4490 _d4490 |
||
| 003 | OSt | ||
| 005 | 20200122110326.0 | ||
| 008 | 190216s9999||||xx |||||||||||||| ||und|| | ||
| 040 | _coclc | ||
| 082 |
_a658.00954 _bPAR/M |
||
| 100 |
_aParekh, H T _91366 |
||
| 245 | 0 |
_aManagement Of Industry In India / _cH T Parekh |
|
| 260 |
_bVora &co Publishers, _c1971. _aBombay: |
||
| 300 | _a74p | ||
| 942 |
_cBK _2ddc _h658.00954 _iPAR/M _k658.00954 _mPAR/M |
||